| 000 | 00586nam a2200193 i 4500 | ||
|---|---|---|---|
| 001 | 111870 | ||
| 003 | ES-MaACL | ||
| 005 | 20250827022716.0 | ||
| 007 | t| | ||
| 008 | 061121s1915 it r ||||1| ita d | ||
| 100 | 0 |
_aOrlando, Vittorio Emanuelle. _987283 |
|
| 245 | 1 | 0 |
_aPrincipii di Diritto Administrativo / _cper Vittorio Emmanuele Orlando. |
| 250 | _a5ยช. ed. | ||
| 260 |
_aFirenze : _b[s.n.], _c1915 ( _fTip. Barbera) |
||
| 300 |
_aXVI, 256 p. ; _c17 cm. |
||
| 650 | 0 | 7 |
_aDerecho administrativo _2embne _911642 |
| 852 |
_aES-MaACL _jF-12910 |
||
| 999 |
_c111870 _d111870 |
||